Aves del piedemonte llanero, Cubarral - Meta (Registro nro. 45023)

Detalles MARC
000 -CABECERA
Longitud fija campo de control 00770nam a2200241Ii 4500
003 - IDENTIFICADOR DEL NUMERO DE CONTROL
Identificador del número de control CO-ViMGA
005 - FECHA Y HORA DE LA ULTIMA TRANSACCION
Fecha y hora de la última transacción 20260318200725.0
008 - CODIGOS DE INFORMACION DE LONGITUD FIJA
Códigos de información de longitud fija 241108s9999||||xx |||||||||||||| ||und||
020 ## - NUMERO INTERNACIONAL NORMALIZADO PARA LIBROS
Número Internacional Normalizado para Libros (ISBN) 9789584483348
040 ## - FUENTE DE LA CATALOGACION
Centro catalogador de origen CO-ViMGA
Lengua de catalogación spa
Normas de descripción rda
Centro transcriptor CO-ViMGA
041 0# - CODIGO DE LENGUA
Código de lengua del texto/banda sonora o título independiente spa
082 04 - NUMERO DE LA CLASIFICACION DECIMAL DEWEY
Número de clasificación (R) 636.656 M87a
100 1# - PUNTO DE ACCESO PRINCIPAL-NOMBRE DE PERSONA
Nombre de persona Marjhy Andrea Murcia Novoa
245 10 - TITULO PROPIAMENTE DICHO
Título Aves del piedemonte llanero, Cubarral - Meta
264 #1 - PRODUCCION, PUBLICACION , DISTRIBUCION, FABRICACION Y COPYRIGHT
Lugar de producción, publicación, distribución, fabricación [Lugar de publicación no identificado] : CORMACARENA Y UNIVERSIDAD DISTRITAL FRANCISCO JOSÉ DE CALDAS, 2011
300 ## - DESCRIPCION FISICA
Extensión volumen
336 ## - TIPO DE CONTENIDO
Término de tipo de contenido text
Código de tipo de contenido txt
Fuente rdacontent
337 ## - TIPO DE MEDIO
Nombre del tipo de medio unmediated
Código del tipo de medio n
Fuente rdamedia
338 ## - TIPO DE SOPORTE
Nombre del tipo de soporte volume
Código del tipo de soporte nc
Fuente rdacarrier
830 ## - PUNTO DE ACCESO ADICIONAL DE SERIE - TITULO UNIFORME
Título uniforme RNBP
940 ## -
T&íacute;tulo uniforme <a href="idficha_siabuc: 19170. -- ficha_no_siabuc:19514">idficha_siabuc: 19170. -- ficha_no_siabuc:19514</a>
Existencias
Perdido Estado Físico No para pr&eacute;stamo Forma de adquisición Localizaci&oacute;n permanente Localizaci&oacute;n actual Localización en estanterías Fecha adquisici&oacute;n Signatura completa C&oacute;digo de barras Fecha &uacute;ltima consulta N&uacute;mero de copia Fecha del precio de reemplazo Tipo de item de Koha Note p&uacute;blica
      Colección Depósito Legal del Meta Biblioteca Pública Departamental Eduardo Carranza - Villavicencio Biblioteca Pública Departamental Eduardo Carranza - Villavicencio Local Patrimonial 05/05/2017 636.656 M87a ECA25352 11/26/2024 Ej.2 11/26/2024 LIbro 19170 | 24515
      Colección Fondo Patrimonial del Meta Biblioteca Pública Departamental Eduardo Carranza - Villavicencio Biblioteca Pública Departamental Eduardo Carranza - Villavicencio Local Patrimonial 04/26/2017 636.656 M87a ECA25333 11/26/2024 Ej.1 11/26/2024 LIbro 19170 | 24514









Instituto Departamental de Cultura del Meta - Red Departamental de Bibliotecas Públicas del Meta.